Let there be India! : (Record no. 8104)

MARC details
000 -LEADER
fixed length control field 01888 a2200205 4500
003 - CONTROL NUMBER IDENTIFIER
control field GBCCL
005 - DATE AND TIME OF LATEST TRANSACTION
control field 20241126110643.0
008 - FIXED-LENGTH DATA ELEMENTS--GENERAL INFORMATION
fixed length control field 190228b ||||| |||| 00| 0 eng d
020 ## - INTERNATIONAL STANDARD BOOK NUMBER
International Standard Book Number 8188513822
040 ## - CATALOGING SOURCE
Transcribing agency GBC
082 ## - DEWEY DECIMAL CLASSIFICATION NUMBER
Classification number 266.009
Item number VER
100 ## - MAIN ENTRY--PERSONAL NAME
Personal name Verghese, Babu K
9 (RLIN) 14128
245 ## - TITLE STATEMENT
Title Let there be India! :
Remainder of title impact of the Bible on nation building : a historic and contemporary research on the pioneering contribution of Christian missions and Bible translators in making India a modern nation by transforming Indian languages, literature, linguistics, education, printing, journalism and culture /
Statement of responsibility, etc. Dr. Babu K. Verghese ; foreword: Dr. Vishal Mangalwadi.
260 ## - PUBLICATION, DISTRIBUTION, ETC.
Place of publication, distribution, etc. Chennai :
-- Mumbai :
Name of publisher, distributor, etc. WOC Publishing ;
-- Media Concerns,
Date of publication, distribution, etc. 2014.
300 ## - PHYSICAL DESCRIPTION
Extent xxiv, 705 pages ;
Other physical details 25 cm
500 ## - GENERAL NOTE
General note With names, dates and other relevant evidence, this book details the not-to-be-forgotton contributions of missionaries and Christian mission in the making of modern India. Terribly divided geographic India has been united into a nation. Intellectually deprived oral learners have been given literary languages capable of developing their immense potential. Yet, even historians do not know the fascinating people and processes God has used to make India a nation capable of becoming a great nation.
505 ## - FORMATTED CONTENTS NOTE
Formatted contents note With names, dates and other relevant evidence, this book details the not-to-be-forgotton contributions of missionaries and Christian mission in the making of modern India. Terribly divided geographic India has been united into a nation. Intellectually deprived oral learners have been given literary languages capable of developing their immense potential. Yet, even historians do not know the fascinating people and processes God has used to make India a nation capable of becoming a great nation.
650 ## - SUBJECT ADDED ENTRY--TOPICAL TERM
Topical term or geographic name entry element Missions
Form subdivision history
Geographic subdivision India
9 (RLIN) 14189
942 ## - ADDED ENTRY ELEMENTS (KOHA)
Source of classification or shelving scheme Dewey Decimal Classification
Koha item type Books
Koha issues (borrowed), all copies 2
Holdings
Withdrawn status Lost status Source of classification or shelving scheme Damaged status Not for loan Home library Current Library Shelving location Date acquired Source of acquisition Cost, normal purchase price Total checkouts Full call number Barcode Date last seen Date last checked out Copy number Cost, replacement price Price effective from Koha item type
    Dewey Decimal Classification     GRACE BIBLE COLLEGE GRACE BIBLE COLLEGE Ministry & Mission 2019-05-14 13 250.00 3 266.009 VER 014697 2025-08-06 2025-08-01 c.1 250.00 2019-05-14 Books
    Dewey Decimal Classification     GRACE BIBLE COLLEGE GRACE BIBLE COLLEGE Ministry & Mission 2021-02-10     1 266.009 VER 013873 2025-08-11 2025-08-07 c.2   2021-02-10 Books
© Grace Bible College Library 2025